000 00410nam a2200145Ia 4500
008 090124s9999 xx 000 0 und d
082 _b300023
245 _a गोळवलकर गुरुजी
250 _a1
260 _bजय-कौशिक
_c1973
300 _a40
630 _a गोळवलकर गुरुजी
730 _a गोळवलकर गुरुजी
942 _cBOOK
999 _c189579
_d189579